|
|
|
|
| LEADER |
02291nam a2200517 i 4500 |
| 001 |
nkc20243606798 |
| 003 |
CZ PrNK |
| 005 |
20240611084944.0 |
| 007 |
ta |
| 008 |
240521s2024 xr a c 000 j cze |
| 015 |
|
|
|a cnb003606798
|
| 020 |
|
|
|a 978-80-271-5186-8
|q (brožováno) :
|c Kč 299,00
|
| 035 |
|
|
|a (OCoLC)1445419494
|
| 040 |
|
|
|a ABG001
|b cze
|e rda
|
| 041 |
1 |
|
|a cze
|h eng
|
| 072 |
|
7 |
|a 821.111-3
|x Anglická próza, anglicky psaná
|2 Konspekt
|9 25
|
| 072 |
|
7 |
|a 821-93
|x Literatura pro děti a mládež (beletrie)
|2 Konspekt
|9 26
|
| 080 |
|
|
|a 821.111-32
|2 MRF
|
| 080 |
|
|
|a 821-93
|2 MRF
|
| 080 |
|
|
|a (0:82-322.9)
|2 MRF
|
| 100 |
1 |
|
|a Chivers Khoo, Rachel,
|d 1990-
|7 xx0312199
|4 aut
|
| 240 |
1 |
0 |
|a Wishkeeper's apprentice.
|l Česky
|
| 245 |
1 |
0 |
|a Městečko splněných přání /
|c Rachel Chivers Khoová ; ilustrace Rachel Sansonová ; překlad Jakub Laxar
|
| 250 |
|
|
|a První vydání
|
| 264 |
|
1 |
|a Praha :
|b Bambook,
|c 2024
|
| 300 |
|
|
|a 225 stran :
|b ilustrace ;
|c 18 cm
|
| 336 |
|
|
|a text
|b txt
|2 rdacontent
|
| 337 |
|
|
|a bez média
|b n
|2 rdamedia
|
| 338 |
|
|
|a svazek
|b nc
|2 rdacarrier
|
| 500 |
|
|
|a Přeloženo z angličtiny
|
| 520 |
2 |
|
|a Fantasy příběh, ve kterém se mladý Felix stává ochráncem lidských snů a přání.
|b Felix bydlí v malém městečku Uhelná Lhota s rodiči a starší sestrou. Jednoho dne se nečekaně setká s místním přánídějem Rufusem, jehož posláním je plnit lidem jejich přání, a stane se jeho pomocníkem. Po útoku zákeřného přáníjeda ale hrozí, že všechna přání jako mávnutím kouzelného proutku navždy zmizí. Nakladatelská anotace. Kráceno.
|
| 521 |
8 |
|
|a Pro čtenáře od 9 let
|
| 655 |
|
7 |
|a anglické příběhy
|7 fd131813
|2 czenas
|
| 655 |
|
7 |
|a fantasy příběhy
|7 fd184198
|2 czenas
|
| 655 |
|
7 |
|a publikace pro děti
|7 fd133156
|2 czenas
|
| 655 |
|
9 |
|a English stories
|2 eczenas
|
| 655 |
|
9 |
|a fantasy stories
|2 eczenas
|
| 655 |
|
9 |
|a children's literature
|2 eczenas
|
| 700 |
1 |
|
|a Sanson, Rachel
|7 xx0236907
|4 ill
|
| 700 |
1 |
|
|a Laxar, Jakub
|7 xx0306360
|4 trl
|
| 910 |
2 |
|
|a BOA001
|b 1-1525.843
|
| 928 |
9 |
|
|a Grada Publishing - Bambook
|
| 990 |
|
|
|a BK
|
| 995 |
|
|
|a 01
|
| 991 |
|
|
|b 202406
|c NOV
|
| 996 |
6 |
|
|b 2610970369
|c 1-1525.843
|l MZK
|r Sklad / do 1 hodiny
|n 0
|p p.v.
|w 001965151
|u 000010
|a 1
|e BOA001
|j MZK50
|s P
|